Score 0/7 Timer 03:00
0 Plays Today
Question Answer Wrong Answers
This famous novel by Irish author Bram Stoker is published.
1897
Dracula
89.4%
Frankenstein; or, The Modern Prometheus
3.5%
Moby-Dick; or, The Whale
2.3%
Strange Case of Dr Jekyll and Mr Hyde
3.5%
This person becomes the last Tsar of Imperial Russia.
1896
Nicholas II
79.1%
Alexander III
9.3%
Catherine II
4.7%
Peter II
6.3%
The first 24 Hours of Le Mans ______ race is held, and has since been run annually in June.
1923
Sports Car
70.6%
Bicycle
16.6%
Endurance Running
6.1%
Sailing
4.6%
The Indian Removal Act is passed by the US Congress. It is signed into law by this President two days later.
1830
Andrew Jackson
68.6%
John Quincy Adams
11.8%
Martin Van Buren
11.3%
William Henry Harrison
8.2%
This American singer-songwriter, who was a member of the Fugees before launching her solo career, is born.
1975
Lauryn Hill
61.2%
Erykah Badu
5%
Mary J. Blige
26.8%
Jill Scott
4%
The first ‘National Sorry Day’ is held in ______ to commemorate the mistreatment of the country's indigenous population.
1998
Australia
61%
Canada
24.5%
Mexico
5.4%
Peru
5.6%
British Guiana gains independence, becoming ______.
1966
Guyana
56.9%
Suriname
11.4%
Guinea-Bissau
16.4%
Guinea
12.7%
Remove Ads.
Support Sporcle.
Get the best of Sporcle when you Go Orange. This ad-free experience offers more features, more stats, and more fun while also helping to support Sporcle. Thank you for becoming a member.

You're not logged in!

Compare scores with friends on all Sporcle quizzes.
OR
Log In

Show Comments

Extras

Top Quizzes Today


Score Distribution

Your Account Isn't Verified!

In order to create a playlist on Sporcle, you need to verify the email address you used during registration. Go to your Sporcle Settings to finish the process.

Report this User

Report this user for behavior that violates our Community Guidelines.

Details: